| Tag |
First Indicator |
Second Indicator |
Subfields |
| LEADER |
00000cam a2200000 4500 |
| 001 |
in00000333421 |
| 005 |
20151011051653.0 |
| 008 |
770804s1966 cauab b 00010 eng |
| 010 |
|
|
|a 67002556
|
| 035 |
|
|
|a (OCoLC)03162533
|
| 035 |
|
|
|9 ABL0080AM
|
| 040 |
|
|
|a DLC
|c OCP
|d TXA
|d UtOrBLW
|
| 049 |
|
|
|a TXAM
|c [915188]
|
| 050 |
|
0 |
|a QC485
|b .G38
|
| 082 |
0 |
|
|a 539.7/223
|
| 100 |
1 |
|
|a Gauger, J.
|q (Joleroy),
|d 1926-
|
| 245 |
1 |
0 |
|a Recent advances in cosmic ray research ;
|b proceedings of a symposium at the Douglas Advanced Research Laboratories, Huntington Beach, California, April 4-6, 1966 /
|c Edited by J. Gauger [and] A. J. Masley.
|
| 264 |
|
1 |
|a [North Hollywood, Calif.] :
|b [Western Periodicals Co.],
|c [1966]
|
| 264 |
|
4 |
|c [©1966]
|
| 300 |
|
|
|a ix, 329 pages :
|b illustrations, maps. ;
|c 25 cm.
|
| 336 |
|
|
|a text
|b txt
|2 rdacontent
|
| 337 |
|
|
|a unmediated
|b n
|2 rdamedia
|
| 338 |
|
|
|a volume
|b nc
|2 rdacarrier
|
| 504 |
|
|
|a Includes bibliographies.
|
| 650 |
|
0 |
|a Cosmic rays.
|
| 700 |
1 |
|
|a Masley, A. J.
|
| 710 |
2 |
|
|a Douglas Advanced Research Laboratories.
|
| 999 |
|
|
|a MARS
|
| 999 |
f |
f |
|s fb4582c8-c967-3afb-bc85-0a506e417da5
|i 9f10f6a4-345d-39f5-90ce-3517ca96eddb
|t 0
|
| 952 |
f |
f |
|p ric
|a Texas A&M University
|b Rellis Campus
|c Joint Library Facility
|d Remote Storage
|t 0
|e QC485 .G38
|h Library of Congress classification
|i unmediated -- volume
|m A14804631787
|
| 998 |
f |
f |
|a QC485 .G38
|t 0
|l Remote Storage
|